000 00728nam a22002537a 4500
003 UA-OsUOA
001 136513
007 ta
008 20190329b un ||||| |||| 00| 0 ukr d
100 _aШльогель К.
090 _a82-94(477)
_bШ69
942 _cBK
040 _aUA-OsUOA
_bukr
_cUA-OsUOA
_dUA-OsUOA
245 _aУкраїнський виклик. Відкриття європейської країни
300 _a356 с.
955 _a1
041 _aukr
080 _a82-94(477)
020 _a978-966-378-487-8
591 _aСмірнов А.
260 _aК.
_bДіх і Літера
_c2016
650 7 _a82 Література. Літературознавство
_2UDC
999 _c409733
_d409733